| 000 | 00510nam a22001817a 4500 | ||
|---|---|---|---|
| 003 | OSt | ||
| 005 | 20250527150242.0 | ||
| 008 | 250527b |||||||| |||| 00| 0 eng d | ||
| 020 | _a9789354659645 | ||
| 082 | _a362.4 R3 | ||
| 100 | _aGanvir, Shyam Devidas | ||
| 245 |
_aDisability and Rehabilitation _cShyam D Ganvir |
||
| 250 | _a1st | ||
| 260 |
_aNew Delhi _bJaypee Brothers Medical Publishers _c2023 |
||
| 650 |
_vOccupational Therapy _xDisability and Rehabilitation |
||
| 942 |
_cBK _2ddc |
||
| 999 |
_c249338 _d249338 |
||